000 00550nam a2200145 4500
999 _c11045
_d11045
008 181009b ||||| |||| 00| 0 eng d
022 _a2094-8042
082 _aDPer 370.105 M72 Jan-Dec 2011 v59-60
100 _932023
_aArellano, Renato A.
245 _aGabay sa pagkatuto sa sibika at kultura at karapatang pantao, Ikatlong baitang/
_cRenato A. Arellano.
260 _aPhilippines:
_bIn the Grade School, Inc.,
_cc2011.
300 _av60 n7, page 306-307;
_c27cm.
650 0 _932024
_aProgrammed instruction
_xSibika at Kultura
942 _2ddc
_cPER